Úplné náklady práce a štruktúra miezd zamestnancov v Slovenskej republike v roku 1997
Štatistické zisťovania ŠÚ SR zamerané na úplné náklady práce a štruktúru miezd zamestnancov v SR za rok 1997. Úroveň, štruktúra a dynamika mesačných nákladov práce. Diferenciácia mesačných nákladov práce podľa odvetví, krajov, druhov vlastníctva a veľkosti organizácií. Hodinové náklady práce. Zisťov...
Salvato in:
| Autore principale: | |
|---|---|
| Natura: | Capitolo di libro |
| Lingua: | slovacco |
| Soggetti: | |
| Tags: |
Nessun Tag, puoi essere il primo ad aggiungerne!!
|
MARC
| LEADER | 00000naa a2200000 4500 | ||
|---|---|---|---|
| 001 | r034716 | ||
| 005 | 20230824101311.8 | ||
| 041 | 0 | |a slo | |
| 044 | |a SK | ||
| 245 | 1 | 0 | |a Úplné náklady práce a štruktúra miezd zamestnancov v Slovenskej republike v roku 1997 |c Ivan Chrappa |
| 520 | |a Štatistické zisťovania ŠÚ SR zamerané na úplné náklady práce a štruktúru miezd zamestnancov v SR za rok 1997. Úroveň, štruktúra a dynamika mesačných nákladov práce. Diferenciácia mesačných nákladov práce podľa odvetví, krajov, druhov vlastníctva a veľkosti organizácií. Hodinové náklady práce. Zisťovanie o štruktúre miezd zamestnancov. | ||
| 610 | 2 | 0 | |a náklady práce |
| 610 | 2 | 0 | |a štruktúra mzdy |
| 610 | 2 | 0 | |a zamestnanci |
| 610 | 2 | 0 | |a zisťovanie štatistické |
| 610 | 2 | 0 | |a Slovensko |
| 610 | 2 | 0 | |a štatistika |
| 610 | 2 | 0 | |a 1997 |
| 100 | 1 | |a Chrappa, Ivan | |